| 000 | 01017nac a22002897a 4500 | ||
|---|---|---|---|
| 001 | BR9202958 | ||
| 003 | BR-BrBNA | ||
| 005 | 20240105121233.0 | ||
| 008 | 230509b bl.|||m| |||| 00| 0 por d | ||
| 040 |
_aBR-BrBNA _bpor _cBiblioteca Nacional de Agricultura |
||
| 072 | _aH20 | ||
| 090 | _a2480 BR9202958 | ||
| 100 | 1 | _aSantos, A.F. dos | |
| 100 | 1 | _aPereira, J.C.R. | |
| 110 | 1 |
_aCentro de Pesquisa Agroflorestal da Amazonia, Manaus, AM (Brasil) _91528 |
|
| 245 | 1 | _aFungicidas para o controle do mal-das-folhas (Microcyclus ulei)da seringueira | |
| 246 | 1 | _a[Fungicides to control of "mal-das-folhas" (Microcyclus ulei)at rubber tree! | |
| 260 | 3 |
_aManaus, AM (Brasil): _c1991. |
|
| 300 | _a3 p. | ||
| 490 |
_aComunicado Tecnico - Centro de Pesquisa Agroflorestal da Amazonia (Brazil) _vno. 3 _xISSN 0103-5932 |
||
| 650 | _aSERINGUEIRA | ||
| 650 | _aMAL DAS FOLHAS | ||
| 650 | _aFUNGICIDA | ||
| 650 | _aCONTROLE QUIMICO | ||
| 909 |
_a202312 _bLúcia Elande _c55 _dLúcia Elande |
||
| 942 |
_2AGRIS _n0 _cMS |
||
| 999 |
_c284133 _d284133 |
||